Biên Hòa Sử lược toàn biên Q.I

Gồm các phần: Liên hệ quốc sử; Di tích xưa; Phong tục tập quán; Tín ngưỡng; Hồn thiêng sông núi; Cảnh sắc thiên nhiên và phần phụ đính

Wedi'i Gadw mewn:
Manylion Llyfryddiaeth
Prif Awdur: Lương, Văn Lựu
Awduron Eraill: Bùi, Quang Huy
Fformat: Llyfr
Iaith:Undetermined
Cyhoeddwyd: H. Thế giới 2015
Pynciau:
Mynediad Ar-lein:http://lrc.tdmu.edu.vn/opac/search/detail.asp?aID=2&ID=22729
Tagiau: Ychwanegu Tag
Dim Tagiau, Byddwch y cyntaf i dagio'r cofnod hwn!
Thư viện lưu trữ: Trung tâm Học liệu Trường Đại học Thủ Dầu Một
LEADER 00957nam a2200241Ia 4500
001 TDMU_22729
008 210410s9999 xx 000 0 und d
082 |a 959.77 
090 |b L561 
100 |a Lương, Văn Lựu 
245 0 |a Biên Hòa Sử lược toàn biên 
245 0 |c Lương Văn Lựu; Bùi Quang Huy (hiệu đính) 
245 0 |n Q.I 
245 0 |p Trấn biên cổ kính 
260 |a H. 
260 |b Thế giới 
260 |c 2015 
300 |a 341tr. 
520 |a Gồm các phần: Liên hệ quốc sử; Di tích xưa; Phong tục tập quán; Tín ngưỡng; Hồn thiêng sông núi; Cảnh sắc thiên nhiên và phần phụ đính 
650 |a Biên Hòa  |x Lịch sử 
700 |a Bùi, Quang Huy 
856 |u http://lrc.tdmu.edu.vn/opac/search/detail.asp?aID=2&ID=22729 
980 |a Trung tâm Học liệu Trường Đại học Thủ Dầu Một